Países de Sudamérica menos adivinados en Jetpunk (América del Sur) - Estadísticas

Estadísticas generales
  • Esta prueba ha sido intentada 44 veces
  • La puntuación promedio es 7 de 7
Estadísticas de respuestas
% de adivinación País % Correcto
87 Bolivia
100%
87 Paraguay
100%
88 Uruguay
100%
85 Ecuador
96%
71 Guyana
96%
89 Venezuela
96%
60 Surinam
93%
No se encontraron pruebas coincidentes
Distribución de puntuación
Porcentaje de gente con cada puntuación
Porcentaje por número respondido
Historial de tus puntuaciones
No has intentado esta prueba.